【プロ野球】2025年の読売ジャイアンツの選手 - Statistics

General Stats
  • This quiz has been taken 273 times
    251 since last reset
  • The average score is 43 of 69
Answer Stats
背番号
選手名
% Correct
15 大勢
96%
10 甲斐拓也
93%
24 大城卓三
93%
6 坂本勇人
93%
25 岡本和真
92%
22 小林誠司
91%
11 田中将大
89%
20 戸郷翔征
89%
27 岸田行倫
89%
8 丸佳浩
89%
2 吉川尚輝
87%
13 キャベッジ
87%
63 泉圭輔
84%
5 門脇誠
84%
92 マルティネス
83%
0 増田大輝
83%
7 長野久義
83%
19 山﨑伊織
82%
67 山瀬慎之助
82%
52 リチャード
81%
35 泉口友汰
79%
61 増田陸
79%
44 佐々木俊輔
75%
40 中山礼都
73%
29 グリフィン
72%
42 ヘルナンデス
72%
59 若林楽人
69%
33 ケラー
68%
31 赤星優志
67%
41 中川皓太
66%
45 田中瑛斗
66%
49 バルドナード
66%
53 高梨雄平
66%
97 井上温大
66%
50 オコエ瑠偉
66%
51 浅野翔吾
66%
00 湯浅大
63%
23 石塚裕惺
60%
28 高橋礼
58%
17 西舘勇陽
57%
37 郡拓也
54%
47 森田駿哉
53%
32 浦田俊輔
53%
58 船迫大雅
51%
12 萩尾匡也
51%
38 岡田悠希
51%
60 荒巻悠
50%
62 横川凱
49%
66 平内龍太
49%
43 重信慎之介
48%
26 今村信貴
47%
36 馬場皐輔
47%
94 喜多隆介
46%
91 堀田賢慎
43%
65 石川達也
42%
98 鈴木大和
42%
46 又木鉄平
40%
48 田中千晴
40%
57 宮原駿介
39%
96 三塚琉生
39%
90 石田充冴
34%
30 近藤大介
32%
64 山田龍聖
32%
99 京本眞
31%
39 フルプ
31%
69 笹原操希
29%
68 菊地大稀
28%
54 乙坂智
28%
95 戸田懐生
22%
No matching quizzes found
Score Distribution
Percent of People with Each Score
Percentile by Number Answered
Your Score History
You have not taken this quiz since the last reset